1407 1962 1914 1129 1599 1610 1171 1815 1896 1120 1486 1355 1837 1243 1749 1220 1911 1117 1828 1406 1061 1057 1368 1861 1593 1479 1680 1443 1262 1259 1680 1166 1662 1415 1531 1917 1838 1826 1846 1469 1667 1517 1782 1862 1646 1055 1600 1916 1507 1752 1151 1630 1642 1194 1141 1926 1612 1153 1402 1437 1136 1373 1715 1999 1620 1258 1418 1761 1344 1548 1620 1293 1917 1625 1463 1365 1555 1336 1027 1490 1085 1418 1638 1563 1134 1468 1585 1986 1209 1819 1673 1271 1923 1496 1943 1596 1736 1531 1193 BCNSPRNW ULIB Ver.6.0+V

เปลี่ยนเป็นภาษาไทย

Change to English
 แสดงรายละเอียดบรรณานุกรม
  กลับหน้าหลัก

Brief Record : Get Marc (ISO 2709) : E-mail record : QR code < ปิดหน้าต่าง
LEADER : 00000nam a2200000Ia 4500
001    13399125527
003     ULIB
008    160714s2557 th 000 0 tha d
020    ^a9786167164120
040    ^abrv
041 1  ^atha^heng
060 04 ^aWA100^bก269ค
100 1  ^aกรูพแมน, เจอโรม
245 10 ^aคิดแบบหมอหายไว คิดแบบคนไข้ตายเร็ว =^bHow doctors think /^cเจอโรม กรูพแมน ; บุญส่ง รักวิริยะ, แปล
246 31 ^aHow doctors think
260    ^aกรุงเทพฯ :^bวีเลิร์น,^c2557
300    ^a324 หน้า ;^c21 ซม.
650  4 ^aการแพทย์
650  4 ^aการรักษา
650  4 ^aจิตวิทยา
650  4 ^aแพทย์^xการรักษา
700 0  ^aบุญส่ง รักวิริยะ,^eผู้แปล
700 12 ^aGroopman, Jerome,^tHow doctors think
945    ^p250^l0^i25204
995    ^aัณชพร
999    ^aกัณชพร
รายการนี้ยังไม่มีแท็ก
คุณยังไม่ได้ล็อกอิน คุณสามารถมีกิจกรรมร่วมกับเว็บไซต์ได้ แต่ต้องล็อกอินก่อน ::
  ล็อกอิน

รายการสื่อสารสนเทศ

ลำดับที่ ประเภท เลขเรียก/บาร์โค้ด สถานที่ สถานะ
1. หนังสือสำรอง
หนังสือสำรอง
สถานะ=หนังสือเก่า
WA100 ก269ค ฉ.1 
  Barcode: 25204
ห้องสมุดวิทยาเขตนครสวรรค์
►ส่วนจัดเก็บหนังสือเก่า นว.
บนชั้น
  ขอยืม

รายการใกล้เคียง
    ผู้แต่ง [กรูพแมน, เจอโรม]

    หัวเรื่อง [การแพทย์]
    หัวเรื่อง [การรักษา]
    หัวเรื่อง [จิตวิทยา]

BibComment


ยังไม่เคยถูกคอมเมนท์

คอมเมนท์ทรัพยากรรายการนี้
  คอมเมนท์: คิดแบบหมอหายไว ค..


 Copyright 2026. Bcnsprnw @Library